000 00796nam a2200217 a 4500
001 000022305
005 20240510073819.0
008 100927s197u dr ac 000 0dspa d
040 _aDO-SdBNP
_bspa
_cBNPHU
082 _a248.833
_bT233t
100 1 _aTaveras, Lorena
_913159
245 1 0 _aTrini :
_bun sí al amor... en la aventura de la vida diaria /
_cLorena Taveras ; presentación María Lourdes Pina.
260 _aSanto Domingo :
_bCruzada del Evangelio.,
_c[197-].
300 _a126 p. :
_bil., retrs. ;
_c20 cm.
590 _aInventariado, 2018/ YL
600 1 4 _aHIDAKA, MARÍA TRINIDAD,
_946064
650 0 _aVida cristiana
_9668
650 4 _aJaponeses en república dominicana
_946065
700 1 _aPina, María Lourdes,
_epresent.
_946066
910 _aValidado. Control de calidad EMS
999 _c21803
_d21803